My salad days : (Record no. 12257)

MARC details
000 -LEADER
fixed length control field 00685nam a2200217Ia 4500
008 - FIXED-LENGTH DATA ELEMENTS--GENERAL INFORMATION
fixed length control field 210303s9999 xx 000 0 und d
016 ## - NATIONAL BIBLIOGRAPHIC AGENCY CONTROL NUMBER
Source retro2022
020 ## - INTERNATIONAL STANDARD BOOK NUMBER
ISBN 9789788088771
040 ## - CATALOGING SOURCE
Original cataloging agency NLN
Language of cataloging English
Description conventions AACR2
100 ## - MAIN ENTRY--AUTHOR
Author ADELOYE, Adelola
Relator term aut
245 #0 - TITLE STATEMENT
Title My salad days :
Remainder of title the primary schools years /
Statement of responsibility, etc Adelola Adeloye
260 ## - PUBLICATION, DISTRIBUTION, ETC. (IMPRINT)
Place of publication Ibadan, Oyo State (2, Awosika Avenue Bodija Estate) :
Name of publisher Book Builders Education Africa,
Date of publication 2009
300 ## - COLLATION
Pagination vii, 164p. :
Other physical details ill. ports. ; 22cm.
563 ## - BINDING INFORMATION
Binding note (pbk)
650 ## - TRACINGS
Main Subject Adeloye, Adelola
650 ## - TRACINGS
Main Subject Reminiscing
942 ## - ADDED ENTRY ELEMENTS (KOHA)
Suppress in OPAC No
Item type Books
050 ## - LIBRARY OF CONGRESS CALL NUMBER
Classification number DT515.83.A231
Item number A3
082 ## - DEWEY DECIMAL CLASSIFICATION NUMBER
Classification number 920.71
Holdings
Source of classification or shelving scheme Not for loan Home library Current library Date acquired Full call number Barcode. Koha item type
Library of Congress Classification   IBADAN BRANCH LIBRARY National Library of Nigeria 04/03/2021 DT515.83 .A231 2024-555555550995724 Books

National Library of Nigeria OPAC is powered by Koha